• 首页
  • 本馆介绍
  • 公告通知
  • 最新文献
  • 馆藏检索
  • 电子资源
  • 读者导购
  • 参考咨询
  • 我的图书馆
  • 登录
  • 详细信息显示
  • 放入我的书架
  • 预约/预借图书
  • 作者相关作品
  • 分类相关作品
  • 丛书相关作品
  • 出版社相关作品

书目信息

  • 表格格式
  • 工作单格式
  • 卡片格式
题名:
吉剧艺术
    
 
作者: 华迦 , 关德富 编
分册:  
出版信息: 北京   文化艺术出版社  1982.5
页数: 562页
开本: 20cm
丛书名:
单 册:
中图分类: J825.34
科图分类:
主题词: 戏剧--艺术--中国
电子资源:
ISBN:
000 00537nam0 2200193 45
001 0312221749
005 20070729165757.40
010    @dCNY2.20
100    @a20031222d1982 km y0chiy0120 ea
101    @achi
200 1  @a吉剧艺术@AJi Ju Yi Shu@f华迦,关德富编@FHua Jia,Guan De Fu Bian
210    @a北京@c文化艺术出版社@d1982.5
215    @a562页@c照片,插图@d20cm
606 0  @a戏剧@x艺术@x中国
690    @aJ825.34@v4
701 0  @a华迦@Ahua jia@4编
701 0  @a关德富@Aguan de fu@4编
801    @aCN@bTSTCL@c20070729
905    @dJ825.34@e21
    
    吉剧艺术/华迦,关德富编.-北京:文化艺术出版社,1982.5
    562页:照片,插图;20cm
    
    
    ISBN :CNY2.20
    
●
相关链接 在E读中查询图书 在五车中查询图书 在当当中查询图书 在豆瓣中查询图书


正题名:吉剧艺术     索取号:J825.34/21         预约/预借

序号 登录号 条形码 馆藏地/架位号 状态 备注
1 0157562   001222821   第一借阅区/ [索取号:J825.34/21] 在馆    
2 0157563   202226607   密集书库/ [索取号:J825.34/21] 在馆    
3 0157564   001222830   第一样本阅览室/ [索取号:J825.34/21] 在馆    
4 0787419   207874193   密集书库/ [索取号:J825.34/21] 在馆    
唐山师范学院图书馆 欢迎您!
大连网信软件有限公司© 版权所有